000 00548nam a2200169Ia 4500
008 090201s9999 xx 000 0 und d
010 _aKPL-74655
040 _bमराठी
041 _aमराठी
082 _a55187
_b74655
100 _aराजा पारगांवकर
245 _aअजगर (रामबाग)
_cराजा पारगांवकर
260 _c2008
_bमनोरमा प्रकाशन
300 _a152
_bलहान
600 _aअजगर (रामबाग)
942 _cBOOK
999 _c251475
_d251475